000 00257nam a2200109Ia 4500
008 190216s9999||||xx |||||||||||||| ||und||
100 _aHerman Mervellay
245 0 _aMoby Dick
260 _bOxford University Press
650 _aEnglish
942 _cBK
999 _c12247
_d12247